Loading...
Fine Arts - Painting & Sculpture | 0 | 2 | 0 | 0 | 20 | 124 | 127.50 | 0 | 0 |
Other | 0 | 2 | 0 | 1 | 20 | 92 | 110.50 | 0 | 1 |
Science - Biology | 0 | 2 | 0 | 1 | 20 | 118 | 120.50 | 0 | 1 |
Science - Chemistry | 0 | 3 | 2 | 1 | 20 | 37 | 94.00 | 1 | 2 |
Science - Other Science | 0 | 2 | 0 | 1 | 20 | 115 | 120.50 | 0 | 1 |
Fine Arts - Other Fine Arts | 0 | 1 | 0 | 0 | 10 | 78 | 78.00 | 1 | 1 |
History - American History | 0 | 1 | 0 | 0 | 10 | 119 | 119.00 | 0 | 0 |
History - World History | 0 | 1 | 0 | 0 | 10 | 81 | 81.00 | 0 | 0 |
Literature - American Literature | 0 | 1 | 0 | 0 | 10 | 124 | 124.00 | 0 | 0 |
Literature - European Literature | 0 | 1 | 0 | 0 | 10 | 154 | 154.00 | 0 | 1 |
Science - Physics | 0 | 0 | 0 | 0 | 0 | 0.00 | 0 | 0 |